| 000 | 02145nam a2200469 c 4500 | ||
|---|---|---|---|
| 003 | BLK | ||
| 005 | 20180422104224.0 | ||
| 008 | 180408b bul|||||r ||||||| ||bul|| | ||
| 010 | _aKNG00089724000 | ||
| 020 |
_a978-954-8952-42-2 _bиздат.: Силоам прес |
||
| 040 | _aBLK | ||
| 041 |
_aBUL _cBUL |
||
| 072 | 7 |
_2bullib _aК _xКраезнание |
|
| 072 | 7 |
_2bullib _aРА _xРусенски автори |
|
| 080 |
_aВоенни набори на съхопътните и морските войски. Военни части. Редници. Военна повинност. Общи задължения на гражданите за защита на страната. Доброволци. Наемници. Вж и 356 _b355.21 _x(567=867)(092)(093.3) _z355.21(567=867)(092)(093.3) |
||
| 080 |
_aРусенски рейнджър, загинал в Кербала _b929 Петров, Антон Валентинов _x _z929 Петров, Антон Валентинов |
||
| 100 | 1 |
_aСтанчева, Нели _eпърви автор _9301704 |
|
| 700 | 1 |
_aЖивкова, Татяна _eсъавт. _9364468 |
|
| 139 |
_aСтанчева, Нели и др. _bП 47 |
||
| 245 | 1 | 0 |
_aПаметта на сърцето _bКнига за Тони _cНели Станчева; съавт. Татяна Живкова. |
| 257 | _aBGR | ||
| 260 |
_аРусе _bСилоам прес _c2009 |
||
| 300 |
_a76 с. _bсъс сн., факс. _c24 см |
||
| 380 | _a3 | ||
| 600 | 1 | 4 |
_aПетров, Антон Валентинов _9301705 |
| 650 | 4 |
_aВоеннослужещи, български - в Ирак _9294173 |
|
| 651 | 4 |
_aРусе _9179462 |
|
| 651 | 4 |
_aБългария _9241624 |
|
| 651 | 4 |
_aКербала _9179026 |
|
| 651 | 4 |
_aИрак _9178953 |
|
| 653 | _aАнтон Петров | ||
| 653 | _aвоеннослужещи | ||
| 653 | _aвоенни конфликти | ||
| 653 | _aбиографии | ||
| 653 | _aспомени | ||
| 659 | _aК | ||
| 852 | _aЦб 244170 | ||
| 856 | 4 |
_qpdf _u |
|
| 856 | 4 |
_qpdf _u |
|
| 942 |
_cKNG _n0 |
||
| 944 |
_aCR _c28.05.2009 _lф / _kВиолета_Тройчева |
||
| 944 |
_aED _c17.04.2015 _lф / _kЛюдмила_Стоянова |
||
| 999 |
_c85128 _d85128 |
||